| 000 | 00622nam a2200193 a 4500 | ||
|---|---|---|---|
| 001 | 5631 | ||
| 003 | CDMR | ||
| 005 | 20131121114848.0 | ||
| 008 | 130130s1986||||||||||||||||||||||||||||d | ||
| 020 | _a8486227411 (tomo 1) | ||
| 040 |
_aCDMR _bcat _cCDMR |
||
| 245 | 0 |
_aTratado general de Relaciones Públicas _b: concepto y naturaleza _cobra dirigida por José Ramón Sánchez Guzmán |
|
| 260 |
_aMadrid _c1986 _bFundación Universidad-Empresa |
||
| 300 | _a416 p. | ||
| 500 | _aL'exemplar correspon al 1r volum de l'obra. | ||
| 650 | 0 | 4 |
_92775 _aRelacions públiques |
| 650 | 0 | 4 |
_91465 _aEmpresa informativa |
| 942 |
_cMON _2udc |
||
| 999 |
_c5631 _d5631 |
||